Sampādakera baiṭhake. (Record no. 55201)

MARC details
000 -LEADER
fixed length control field 00668cam a22002411 4500
001 - CONTROL NUMBER
control field sa 63003613
003 - CONTROL NUMBER IDENTIFIER
control field DLC
005 - DATE AND TIME OF LATEST TRANSACTION
control field 20260227111943.0
008 - FIXED-LENGTH DATA ELEMENTS--GENERAL INFORMATION
fixed length control field 940930s1962 ii 000 0 beno
010 ## - LIBRARY OF CONGRESS CONTROL NUMBER
LC control number sa 63003613
025 ## - OVERSEAS ACQUISITION NUMBER
Overseas acquisition number PL480:I-B-406
035 ## - SYSTEM CONTROL NUMBER
System control number (OCoLC)31205781
040 ## - CATALOGING SOURCE
Original cataloging agency DLC
Transcribing agency CU
Modifying agency CU
-- DLC
042 ## - AUTHENTICATION CODE
Authentication code premarc
050 00 - LIBRARY OF CONGRESS CALL NUMBER
Classification number PK1701
Item number .G53
100 1# - MAIN ENTRY--PERSONAL NAME
Personal name Ghosha, Sāgaramaẏa,
Dates associated with a name 1915-
245 10 - TITLE STATEMENT
Title Sampādakera baiṭhake.
260 ## - PUBLICATION, DISTRIBUTION, ETC.
Date of publication, distribution, etc. [1962]
300 ## - PHYSICAL DESCRIPTION
Extent 147 p.
Dimensions 23 cm.
500 ## - GENERAL NOTE
General note In Bengali.
500 ## - GENERAL NOTE
General note A collection of the author's articles originally published in the magazine Jalasa, 1959-62.
650 #0 - SUBJECT ADDED ENTRY--TOPICAL TERM
Topical term or geographic name entry element Bengali literature.

No items available.

Powered by Koha